| 000 | 00000nam 2200000za 4500 |
| 001 | 9.688211 |
| 003 | CaOODSP |
| 005 | 20210624231324 |
| 007 | cr ||||||||||| |
| 008 | 150407s2006 onc|||||o f|0| 0 eng d |
| 020 | |a0-662-42933-8 |
| 040 | |aCaOODSP|beng |
| 043 | |an-cn--- |
| 086 | 1 |aCH1-3/2006E-PDF |
| 110 | 1 |aCanada. |bCanadian Heritage. |
| 245 | 10|aGuide to Canadian Heritage financial support programs |h[electronic resource]. |
| 260 | |aOttawa : |bCanadian Heritage, |c2006. |
| 300 | |a99 p. |
| 500 | |aThe catalogue number (CH1-3/2006) and ISBN (0-662-49050-9) for the bilingual print edition have been incorrectly copied in this electronic publication. |
| 520 | 3 |aThis is a guide to grants, bursaries, tax credits, and other financial support offered by the Department of Canadian Heritage under the following categories: Aboriginal, arts and culture, Canada’s heritage, digital future, multiculturalism, official languages, sport, and youth. A brief description of each program is followed by information about who can apply, when, and where. Because the programs change from time to time, readers are encouraged to visit the Department’s Web site (www.canadianheritage.gc.ca) for the most up-to-date information. |
| 590 | |a06-18|b2006-05-05 |
| 690 | 07|aAid programs|2gcpds |
| 690 | 07|aFinancial assistance|2gcpds |
| 690 | 07|aHeritage|2gcpds |
| 775 | 08|tGuide des programmes d'appui financier de Patrimoine canadien |w(CaOODSP)9.632643 |
| 776 | 0#|tGuide to Canadian Heritage financial support programs |w(CaOODSP)9.667413 |
| 776 | 0#|tGuide des programmes d'appui financier de Patrimoine canadien |w(CaOODSP)9.667414 |
| 794 | |tGuide to Canadian Heritage financial support programs |w(CaOODSP)9.689673 |
| 795 | |tGuide to Canadian Heritage financial support programs |w(CaOODSP)9.687657 |
| 856 | 40|ahttp://publications.gc.ca|qPDF|s991 KB|uhttps://publications.gc.ca/collections/Collection/CH1-3-2006E.pdf |